000 00527nam a2200169 i 4500
001 46752
003 ES-MaACL
005 20230906161437.0
007 t|
008 030401s1971 sp ||||1| spa d
110 2 _aPaúles.
_bAsamblea Provincial (
_d1971.
_cZaragoza)
_9158483
245 1 0 _aAsamblea Provincial, 1971.
260 _a[Zaragoza :
_bs.n.,
_c1971] (
_fTall. El Noticiero)
300 _a82 p. ;
_c22 cm.
500 _aPrecede al tít.: Congregación de la Misión. Zaragoza.
852 _aES-MaACL
_jC-45585
_bR.78677
999 _c46752
_d46752